Évzáró vizsgálatok
Rozpis harmonogramu záverečných ročníkových skúšok na židovskej obecnej škole v Humennom v dňoch 21.-24. júna 1914.
| Médium: | Článok |
|---|---|
| Jazyk: | Hungarian |
| Témy: | |
| Zdroj: |
1. Felvidéki Hirlap 1. Roč. 7, č. 24 (21.06.1914) s. 2 |
| LEADER | 00876nab#a2200301#ar4500 | ||
|---|---|---|---|
| 001 | 000074529 | ||
| 003 | SVKKK | ||
| 005 | 20041220xxxxxxx. | ||
| 008 | 06 c xo huno | ||
| FMT | |||
| 038 | |a SVKKK | ||
| 040 | |a SVKKK |b slo |e AACR2 | ||
| 041 | 0 | |a hun | |
| 044 | |a xo |c SK | ||
| 080 | |a 37:296 | ||
| 242 | 1 | 0 | |a Koncoročné skúšky |
| 245 | 0 | 0 | |a Évzáró vizsgálatok |
| 500 | |a mikrofilm | ||
| 520 | 2 | |a Rozpis harmonogramu záverečných ročníkových skúšok na židovskej obecnej škole v Humennom v dňoch 21.-24. júna 1914. | |
| 650 | 0 | 4 | |a židovská obecná škola, Humenné - skúšky koncoročné - Humenné - 21.-24.06.1914 - harmonogram - texty |
| 773 | 0 | |t Felvidéki Hirlap |g Roč. 7, č. 24 (21.06.1914) s. 2 | |
| 957 | |a Humenné | ||
| 958 | |a DG | ||
| 958 | |a SK | ||
| 974 | |a Ba |d 20041220 | ||
| 992 | |a RBX | ||
| BAS | |||
| 998 | |a RETRO | ||